Jalan air dan jalan udara

Bibliographic Details
Main Author: Yasmin Binti Kamal
Format: Book
Published: Selangor : Edu Quest Pub , 2006
Series:Siri pengangkutan dan perhubungan
Subjects:

MARC

LEADER 00000cam a2200000 7i4500
001 0000007627
005 20151222.0
008 070904
020 |a 9833390013 (set) 
020 |a 983339003X 
090 0 0 |a JF   |b TRA MAL (7172) 
100 0 |a Yasmin Binti Kamal 
245 1 0 |a Jalan air dan jalan udara   |c Yasmin Binti Kamal 
260 |a Selangor :   |b Edu Quest Pub ,   |c 2006 
440 |a Siri pengangkutan dan perhubungan 
500 |a Children ages 7-9 years old (orange) 
650 0 |a General 
650 0 |a Junior fiction   |x Malay   |x Languages 
999 |a 0000983558   |b Book   |c Children Collection   |e Perbadanan Perpustakaan Awam Johor 
999 |a 0000983559   |b Book   |c Children Collection   |e Perbadanan Perpustakaan Awam Johor 
999 |a 0000983560   |b Book   |c Children Collection   |e Cawangan Pontian 
999 |a 0000983561   |b Book   |c Children Collection   |e Cawangan Muar 
999 |a 0000983562   |b Book   |c Children Collection   |e Perbadanan Perpustakaan Awam Johor 
999 |a 0001048742   |b Book   |c Children Collection   |e Cawangan Tmn. Ungku Tun Aminah 
999 |a 0001048743   |b Book   |c Children Collection   |e Cawangan Bandar Penawar 
999 |a 0001048745   |b Book   |c Children Collection   |e Cawangan Taman Universiti